000 00811nam a2200217 a 4500
001 40580
003 BD-RjUL
005 20211209053238.0
008 160504s1971 ii a|||| |||| 00| 0 ben d
035 _a(BD-RjUL)40695
040 _aBD-RjUL
_bben
_cBD-RjUL
041 _aben
082 _223
_a294.5211
_bSEB 1971
100 _aসেন, সুধা
_9124884
245 1 0 _aভারতাত্মা শ্রীকৃষ্ণ /
_cসুধা সেন
260 _aকলিকাতা :
_bশ্রীশ্রীঅক্ষয়ধর্ম-মহাসভা,
_c১৯৭১
300 _a[১৮], ৩২৮ পৃ. :
_bচিত্র ;
_c২২ সেমি.
650 _aকৃষ্ণ
_xহিন্দু দেবতা
_9124885
650 _aKrishna
_xHindu deity
_9124886
942 _2ddc
_cBK
999 _c40580
_d40580